| Tag |
First Indicator |
Second Indicator |
Subfields |
| LEADER |
00000cam a2200000Ii 4500 |
| 001 |
in00003710101 |
| 005 |
20170124155405.0 |
| 008 |
151202s2015 enka f b 000 0 eng d |
| 035 |
|
|
|a (OCoLC)ocn939390611
|
| 040 |
|
|
|a CDX
|e rda
|c CDX
|d YDX
|d BWK
|d AFU
|
| 020 |
|
|
|a 9780750310550
|q (hbk.)
|
| 020 |
|
|
|a 0750310553
|q (hbk.)
|
| 020 |
|
|
|z 9780750310543
|q (ePub ebook)
|
| 020 |
|
|
|z 9780750311120
|q (Mobipocket ebook)
|
| 050 |
|
4 |
|a TA418.9.N35
|b C684 2015
|
| 082 |
0 |
|
|a 620.1/15
|2 23
|
| 049 |
|
|
|a TXAM
|
| 100 |
1 |
|
|a Cottam, Michael G.,
|e author.
|
| 245 |
1 |
0 |
|a Dynamical properties in nanostructured and low-dimensional materials /
|c Michael G. Cottam.
|
| 264 |
|
1 |
|a Bristol, UK :
|b IOP,
|c 2015.
|
| 300 |
|
|
|a 1 volume (various pagings) :
|b illustrations (some color) ;
|c 27 cm.
|
| 336 |
|
|
|a text
|b txt
|2 rdacontent
|
| 337 |
|
|
|a unmediated
|b n
|2 rdamedia
|
| 338 |
|
|
|a volume
|b nc
|2 rdacarrier
|
| 490 |
1 |
|
|a IOP expanding physics
|
| 504 |
|
|
|a Includes bibliographical references.
|
| 650 |
|
0 |
|a Nanostructured materials.
|
| 830 |
|
0 |
|a IOP expanding physics.
|
| 945 |
|
|
|b 924660
|
| 947 |
|
|
|a A14850013195
|
| 948 |
|
|
|a cataloged
|b h
|c 2017/1/24
|d c
|e dmitchel
|f 3:50:30 pm
|
| 994 |
|
|
|a 92
|b TXA
|
| 999 |
f |
f |
|s 8266da82-f41e-32e1-9aad-61d1ee07b565
|i f16b524e-07c4-36e8-9649-5012d2f3e3bf
|t 0
|
| 952 |
f |
f |
|p normal
|a Texas A&M University
|b College Station
|c Sterling C. Evans Library
|d Evans: Library Stacks
|t 0
|e TA418.9.N35 C684 2015
|h Library of Congress classification
|i unmediated -- volume
|m A14850013195
|
| 998 |
f |
f |
|a TA418.9.N35 C684 2015
|t 0
|l Evans: Library Stacks
|